| 000 | 00693nam a2200241Ia 4500 | ||
|---|---|---|---|
| 000 | nam a22 i 4500 | ||
| 001 | UNACH-13020 | ||
| 007 | ta | ||
| 008 | 221212s ||||fr|||| 00| | spa d | ||
| 041 | 0 | _aspa | |
| 082 | 0 | 4 |
_a050 _bPublicaciones seriadas generales |
| 110 | 1 | _aCorporación de Estudios y Publicaciones | |
| 245 | 1 | 0 | _aLEY ORGÁNICA DE EDUCACIÓN SUPERIOR |
| 264 | 3 | 1 |
_a[Quito] : _aEcuador : _bCorporación de Estudios y Publicaciones (CEP), _c2012 |
| 300 | _a412 páginas | ||
| 336 |
_atexto _btxt _2rdacontent |
||
| 337 |
_ano mediado _bn _2rdamedia |
||
| 338 |
_avolumen _bnc _2rdacarrier |
||
| 505 | 0 | _alectura | |
| 650 | 1 | 4 | _aLECTURA |
| 942 |
_2ddc _c1 _n0 |
||
| 999 |
_c9959 _d9959 |
||